00426nam a2200157Ia 4500003000400000008004100004040001600045082001600061100001900077245005600096260005100152300001000203650001500213650002500228650001500253GCL140319s9999 xx 000 0 eng d aGCL / cGCL04a822.33bT S1 aTHOMAON, PETER10aSHAKESPEAR'S PROFESSIONAL CAREER / cTHOMAON, PETER a[S.N] : bCAMBRIDGE UNIVERSITY PRESS ، c1992 a217 P04aLITERATURE04aSHAKESPEARE, WILLIAM04aDRAMATISTS